Statistiques concernant Prénoms de stars - Série 08

Cliquez ici pour prendre le quiz!

Statistiques générales

  • Ce quiz a été pris 171 fois
  • Le résultat moyen est 9 sur 10

Statistiques - réponses

Nom Prénom % Correct
Di CaprioLeonardo
99%
DeppJohnny
99%
CruiseTom
99%
PittBrad
99%
EastwoodClint
92%
DamonMatt
88%
TarantinoQuentin
84%
AffleckBen
84%
SmithWill
80%
WashingtonDenzel
59%

Distribution des résultats

Percentile par nombre de réponses

% des personnes avec chaque résultat

Votre développement - résultats

Vous n’avez pas pris ce quiz